00834nam a22002297a 4500003000500000005001700005008004100022020003000063040002300093082002100116100002600137245006000163250001800223260005200241300004800293490004000341500015300381504001900534521002100553651001700574700001300591322820260424114114.0241007b sa ||||| |||| 00| 0 eng d a9781920 356750cPaperback aRDAbEnglishc3228 aST 493.3986 MTHE a Mthembu, Samukeliso  aIsiZulu:b Grade 12cS. Mthembu, H. Kheswa, S. Mlotshwa aFirst edition aPietermaritzburg : bShuter & Shooter, c 2017. a x, 126 pagesbcolour illustrations:c30 cm aAce it! study guidex9781920 356750 a "Visual summaries, Sample exam questions. Helpful marking guidelines. All you need to ace your exams"--Cover. "A⁺." "CAPS, IEB aligned"--Cover. aIncludes index aJunior Junior  aSouth Africa aH KHESWA